U-10 SUDAKİ ARKADAŞ (Record no. 588982)

MARC details
000 -LEADER
sabit uzunluktaki kontrol alanı 00287nam a2200109Ia 4500
001 - KONTROL NUMARASI
kontrol alanı 588982
005 - EN SON İŞLEMİN TARİH VE ZAMANI
kontrol alanı 20250717120840.0
008 - SABİT-UZUNLUKTA VERİ ÖĞELERİ--GENEL BİLGİ
sabit uzunluktaki kontrol alanı 250717s9999 xx 000 0 und d
245 #0 - ESER / YAZAR
ESER ADI U-10 SUDAKİ ARKADAŞ
Yazar Adı FATMA AYDINLI
260 ## - YAYIN, DAĞITIM, VB.
YAYIN EVİ TÜRKİYE DİYANET VAKFI YAYINLARI
Yayın, dağıtım tarihi, vb. 2013
300 ## - FİZİKSEL AÇIKLAMA
Diğer fiziksel ayrıntılar 19

No items available.